ՀՀ Գիտությունների ազգային ակադեմիայի հիմնարար գիտական գրադարան  =   Fundamental Scientific Library of NAS RA

Երկեր / (Record no. 108402)

MARC details
000 -LEADER
fixed length control field 01016nam a2200265 a 4500
001 - CONTROL NUMBER
control field 000295481
003 - CONTROL NUMBER IDENTIFIER
control field AM-YeHGA
005 - DATE AND TIME OF LATEST TRANSACTION
control field 20250618071920.0
008 - FIXED-LENGTH DATA ELEMENTS--GENERAL INFORMATION
fixed length control field 031218s1984 ai 000 | arm d
040 ## - CATALOGING SOURCE
Original cataloging agency AM-YeHGA
041 0# - LANGUAGE CODE
Language code of text/sound track or separate title arm
090 ## - LOCALLY ASSIGNED LC-TYPE CALL NUMBER (OCLC); LOCAL CALL NUMBER (RLIN)
-- 109730
100 1# - MAIN ENTRY--PERSONAL NAME
Personal name Պռոշյան, Պերճ,
Dates associated with a name 1837-1907
9 (RLIN) 1588
245 10 - TITLE STATEMENT
Title Երկեր /
Statement of responsibility, etc. Պ. Պռոշյան; Կազմ.՝ Ս.Գ. Սահակյան; Առաջաբ.՝ Կ.Ա. Դանիելյան; Խմբ.՝ Ռ.Մ. Մուրադյան.
260 ## - PUBLICATION, DISTRIBUTION, ETC.
Place of publication, distribution, etc. Երևան :
Name of publisher, distributor, etc. Սովետական գրող,
Date of publication, distribution, etc. 1984.
300 ## - PHYSICAL DESCRIPTION
Extent 703 էջ ;
Dimensions 20 սմ.
440 #0 - SERIES STATEMENT/ADDED ENTRY--TITLE
Title Հայ դասականների գրադարան
9 (RLIN) 5121
650 14 - SUBJECT ADDED ENTRY--TOPICAL TERM
Topical term or geographic name entry element Հայ գրականություն
General subdivision Երկեր
700 1# - ADDED ENTRY--PERSONAL NAME
Personal name Սահակյան, Ս.Գ.
Relator term կազմ.
Relationship com
700 1# - ADDED ENTRY--PERSONAL NAME
Personal name Դանիելյան, Կարլեն Արտաշեսի,
Dates associated with a name 1931-1998
Relator term առաջաբ.
Relationship aui
9 (RLIN) 2552
700 1# - ADDED ENTRY--PERSONAL NAME
Personal name Մուրադյան, Ռ.Մ.
Relator term խմբ.
Relationship edt
740 0# - ADDED ENTRY--UNCONTROLLED RELATED/ANALYTICAL TITLE
Uncontrolled related/analytical title Հացի խնդիր
740 0# - ADDED ENTRY--UNCONTROLLED RELATED/ANALYTICAL TITLE
Uncontrolled related/analytical title Ցեցեր
740 0# - ADDED ENTRY--UNCONTROLLED RELATED/ANALYTICAL TITLE
Uncontrolled related/analytical title Բղդե
Holdings
Withdrawn status Lost status Source of classification or shelving scheme Damaged status Not for loan Collection Home library Current library Date acquired Total checkouts Full call number Barcode Date last seen Price effective from Koha item type Public note
    Universal Decimal Classification     General Fundamental Scientific Library Fundamental Scientific Library 22/12/2016   AII/70206 220070206 22/12/2016 22/12/2016 Գրքեր / Books 30 Days Loan
    Universal Decimal Classification     General Fundamental Scientific Library Fundamental Scientific Library 22/12/2016   AII/70343 220070343 22/12/2016 22/12/2016 Գրքեր / Books 30 Days Loan
    Universal Decimal Classification     General Fundamental Scientific Library Fundamental Scientific Library 22/12/2016   AII/70344 220070344 22/12/2016 22/12/2016 Գրքեր / Books 30 Days Loan
    Universal Decimal Classification     General Fundamental Scientific Library Fundamental Scientific Library 22/12/2016   AII/70895 220070895 22/12/2016 22/12/2016 Գրքեր / Books 30 Days Loan


ՀՀ ԳԱԱ հիմնարար գիտական գրադարան
ՀՀ,Երևան 0019
Մարշալ Բաղրամյան 24/6
հեռախոս:(374-10) 52-47-50
Հետադարձ կապ

All site content, except where otherwise noted, is licensed under a
Creative Commons License